000 01101nam a2200241 i 4500
001 118740
003 ES-MaACL
005 20251009181517.0
007 t|
008 070214s1928 sp r ||||1| spa d
100 1 _aPérez-Bustamante, Ciriaco,
_d1896-1975
_990682
245 1 4 _aLos orígenes del gobierno virreinal en las Indias Española
_b: D. Antonio de Mendoza, primer virrey de la Nueva España (1535-50) /
_cpor el Dr. Ciriaco Pérez Bustamante ; con un prólogo del Dr. Carlos Pereyra y nota preliminar del Excmo. Sr. D. Luis Blanco Rivero.
260 _aSantiago :
_b[s.n.],
_c1928 (
_fTip. del Eco Franciscano)
300 _aXV, 230 p. ;
_c26 cm.
490 1 _aAnales de la Universidad de Santiago ;
_v3
500 _aPrecede al ti. : Anales de la Universidad de Santiago.
600 1 4 _aMendoza, Antonio de,
_cVirrey de México,
_dm. 1552
_980239
700 1 _aPereyra, Carlos,
_d1871-1942
_990541
700 1 _aBlanco y Rivero, Luis.
_9126010
830 0 _aAnales de la Universidad de Santiago ;
_v3
_9218534
852 _aES-MaACL
_jF-16189
_bR.19687
999 _c118740
_d118740